El futuro que viene
Uloženo v:
| Hlavní autoři: | , |
|---|---|
| Médium: | Kniha |
| Jazyk: | španělština |
| Vydáno: |
Barcelona
Andrés Bello
1999
|
| Vydání: | 1a. ed |
| Témata: | |
| Tagy: |
Přidat tag
Žádné tagy, Buďte první, kdo vytvoří štítek k tomuto záznamu!
|
MARC
| LEADER | 00000nam a2200000 a 4500 | ||
|---|---|---|---|
| 001 | UCN2594 | ||
| 003 | CL-VaPUC | ||
| 008 | 010530e19990000SP |||||||||||||||||spa|d | ||
| 020 | |a 8495407019 | ||
| 082 | 0 | 4 | |a 907.2 |b BUZ |2 21 |
| 100 | 0 | |a Buzán, Barry |e author |9 458605 | |
| 700 | 0 | |a Segal, Gerald |e author |9 458606 | |
| 245 | 1 | 3 | |a El futuro que viene |
| 250 | |a 1a. ed | ||
| 300 | |a 383 p | ||
| 942 | |c BK | ||
| 945 | |d 20010530 00:00:00 |a cmena | ||
| 260 | |a Barcelona |b Andrés Bello |c 1999 | ||
| 650 | 0 | |a Investigación histórica |9 344844 | |
| 650 | 0 | |a Historia universal |9 266877 | |
| 650 | 0 | |a Civilización |9 255823 | |
| 650 | 0 | |a Relaciones Internacionales |9 255740 | |
| 650 | 0 | |a Cambio social |9 256857 | |
| 650 | 0 | |a Globalización |9 361930 | |
| 583 | |a last modification |c 20010530 00:00:00 |k Rodrigo Vera | ||
| 999 | |c 295649 |d 295647 | ||
| 952 | |0 0 |1 0 |4 0 |6 907_200000000000000_BUZ_1999 |7 0 |8 A |9 348942 |a BIBHIS |b BIBHIS |d 2019-11-20 |i 3693651 |o 907.2 BUZ 1999 |p 3693651 |r 2025-01-20 |w 2019-11-20 |y BK |k HIS | ||
| 952 | |0 0 |1 0 |4 0 |6 907_200000000000000_BUZ_1999 |7 0 |8 A |9 348943 |a BIBEDU |b BIBEDU |d 2019-11-20 |i 4552164 |o 907.2 BUZ 1999 |p 4552164 |r 2019-11-20 |w 2019-11-20 |y BK |k EBA | ||